| 000 | 00339nam a2200085Ia 4500 | ||
|---|---|---|---|
| 245 | 0 | _aUltimate guide to cabinets, shelves, and home storage solutions : 36 storage projects plus ideas for organizing your home | |
| 100 |
_a HUGHES, Herb Upper Saddle River,, [c.2009] _970327 |
||
| 942 | _cBK | ||
| 008 | 210817s9999 xx 000 0 und d | ||
| 999 |
_c402673 _d402672 |
||